Fundamentals of Corporate Finance 14/e

Saved in:
Bibliographic Details
Main Author: Ross
Format: Book
Published: MGH
Tags: Add Tag
No Tags, Be the first to tag this record!

MARC

LEADER 00000nam a2200000Ia 4500
005 20260513122055.0
020 |a 9789364442138 
100 |a Ross 
365 |c Rs. 
365 |b 25.00 
942 |c BK 
245 |a Fundamentals of Corporate Finance 14/e 
260 |b MGH 
999 |c 130  |d 130 
952 |0 0  |1 0  |4 0  |7 0  |a UNSW  |b UNSW  |d 2026-05-06  |g 1325.00  |i 16682  |l 0  |p 000133  |r 2026-05-13 12:20:55  |v 1325.00  |w 2026-05-13  |y BK